| 000 | 00574nam a2200229Ia 4500 | ||
|---|---|---|---|
| 003 | OSt | ||
| 005 | 20230518162550.0 | ||
| 008 | 210423s2010 xx 000 0 und d | ||
| 020 | _a978-0-143-03103-1 | ||
| 040 | _cAL | ||
| 041 | _aeng | ||
| 082 | _a954 NEHD | ||
| 100 |
_aNEHRU (Jawaharlal) _9109004 |
||
| 245 | _aDiscovery of India | ||
| 260 |
_aHaryana _bPenguin Books Ltd _c2010 |
||
| 300 |
_axxvi,642 _bPB |
||
| 365 |
_b699 _cINR |
||
| 650 |
_aHistory of India _9109005 |
||
| 650 |
_aHistory of India _9109005 |
||
| 906 | _aDiscovery ; India | ||
| 942 |
_2ddc _cBK |
||
| 999 |
_c167798 _d167798 |
||